Nota Kursus Perhubungan Awam 3 April - 8 April 1989

Bibliographic Details
Format: Book
Subjects:

MARC

LEADER 00000cam a2200000 7i4500
001 0000006717
005 20000211.0
040 |a INS 
090 0 0 |a PR1 
245 0 0 |a Nota Kursus Perhubungan Awam 3 April - 8 April 1989 
650 0 0 |a Perhubungan Awam 
999 |a PR00000002   |b BOOK   |c Course Notes   |e Default branch 
999 |a PR00000006   |b BOOK   |c Course Notes   |e Default branch